000 00695nam a2200217 4500
001 144485
003 ES-MaACL
005 20230906201029.0
007 t|
008 070214s1968 sp r ||||1| spa d
080 _a821.134.2-21"15"
100 1 _aSilva, Feliciano de.
_9106363
245 1 0 _aSegunda comedia de Celestina /
_cFeliciano de Silva ; edición, prólogo y notas de María Inés Chamorro Fernández.
260 _aMadrid :
_bCiencia Nueva,
_c1968.
300 _a527 p. ;
_c18 cm.
490 1 _aLos clásicos ;
_v13-14
700 1 _aChamorro Fernández, María Inés.
_937896
830 1 _aLos clásicos ;
_v13-14
_9184368
852 _aES-MaACL
_jG-7376
999 _c144485
_d144485